Eastern old-growth forests : (Record no. 12246)

000 -LEADER
fixed length control field 00666cam a2200193 a 4500
020 ## - INTERNATIONAL STANDARD BOOK NUMBER
ISBN 1559634081 (cloth : acidfree paper)
020 ## - INTERNATIONAL STANDARD BOOK NUMBER
ISBN 155963409X (pbk. : acidfree paper)
040 ## - CATALOGING SOURCE
Transcribing agency DLC
082 00 - DEWEY DECIMAL CLASSIFICATION NUMBER
Classification number 333 ISL 1996 A018 Or.
245 00 - TITLE STATEMENT
Title Eastern old-growth forests :
Remainder of title prospects for rediscovery and recovery /
260 ## - PUBLICATION, DISTRIBUTION, ETC. (IMPRINT)
Place of publication Washington, D.C. :
Name of publisher Island Press,
Year of publication c1996.
300 ## - PHYSICAL DESCRIPTION
Number of Pages xvi, 383 p. :
Other physical details ill., ,maps ;
Dimensions 24 cm.
650 #0 - SUBJECT ADDED ENTRY--TOPICAL TERM
Topical Term Old growth forests
650 #0 - SUBJECT ADDED ENTRY--TOPICAL TERM
Topical Term Old growth forest ecology
650 #0 - SUBJECT ADDED ENTRY--TOPICAL TERM
Topical Term Old growth forest conservation
700 1# - ADDED ENTRY--PERSONAL NAME
Personal name Davis, Mary D.
856 42 - ELECTRONIC LOCATION AND ACCESS
Uniform Resource Identifier http://www.loc.gov/catdir/enhancements/fy0666/96000804-d.html
942 ## - ADDED ENTRY ELEMENTS (KOHA)
Koha item type សៀវភៅភាសាអង់គ្លេស
952 ## - LOCATION AND ITEM INFORMATION (KOHA)
Withdrawn status [LOCAL, KOHA] 0
Holdings
Permanent Location Date acquired Koha item type Lost status Shelving location Barcode Current Location Full call number
Library Block A2017-08-11សៀវភៅភាសាអង់គ្លេស A012A08465Library Block A333 ISL 1996 A012 Or.
មជ្ឈមណ្ឌលឯការនៃសាកលវិទ្យាល័យភូមិន្ទកសិកម្មចំការដូង

Powered by Koha